Poder, honor y élites en el siglo XVII

Zapisane w:
Opis bibliograficzny
1. autor: Maravall, José Antonio (autor)
Format: Książka
Język:hiszpański
Wydane: Madrid, España Siglo Veintiuno de España 1984
Wydanie:Segunda edición
Hasła przedmiotowe:
Etykiety: Dodaj etykietę
Nie ma etykietki, Dołącz pierwszą etykiete!

MARC

LEADER 00000nam a2200000 a 4500
001 UCX1297
003 CL-VaPUC
005 20240820111023.0
008 900716e19840000SP |||||||||||||||||spa|d
999 |c 222564  |d 222562 
040 |c Pontificia Universidad Católica de Valparaíso 
082 0 4 |a 940.2 MAR 1984  |2 21 
100 |a Maravall, José Antonio  |e autor  |9 527688 
245 1 0 |a Poder, honor y élites en el siglo XVII 
250 |a Segunda edición 
260 |a Madrid, España  |b Siglo Veintiuno de España  |c 1984 
300 |a 310 páginas 
583 |a last modification  |c 19900716 00:00:00  |k Rodrigo Vera 
650 0 |a Historia moderna  |9 268036 
650 0 |a Aspectos sociales   |y Siglo 17  |9 316762 
852 |a BIBCUR 
942 |c BK  |2 ddc 
945 |d 19900716 00:00:00 
952 |0 0  |1 0  |2 ddc  |4 0  |6 940_200000000000000_MAR_1984  |7 0  |8 A  |9 217506  |a BIBHIS  |b BIBHIS  |d 2019-11-15  |i 2864215  |l 5  |o 940.2 MAR 1984  |p 2864215  |r 2025-01-20  |s 2021-08-16  |t 1  |w 2019-11-15  |y BK  |k HIS